Bilecik Bilecik Bilecik Bilecik Bilecik

Muhasebe ilkeleri/ (Record no. 14713)

MARC details
000 -BAŞLIK
Sabit Uzunluktaki Kontrol Alanı 01094nam a22003497a 4500
001 - KONTROL NUMARASI
Control Dosyası 0014750
003 - KONTROL NUMARASI KİMLİĞİ
Kontrol Alanı KOHA_MİRAKIL
005 - EN SON İŞLEM TARİHİ ve ZAMANI
Kontrol Alanı 20260207002006.0
007 - FİZİKSEL TANIM SABİT ALAN - GENEL BİLGİ
Sabit uzunluklu kontrol alanı ta
008 - SABİT UZUNLUKTAKİ VERİ ÖGELERİ - GENEL BİLGİ
Sabit Alan 100308b1982 tu |||gr||||#||||0|tur |
020 ## - ISBN - ULUSLARARASI STANDART KİTAP NUMARASI
Kullanılabilirlik koşulları 0,01
040 ## - KATALOGLAMA KAYNAĞI
Özgün Kataloglama Kurumu TR-BiSEU
Kataloglama Dili tur
Çeviri Kurumu TR-BiSEU
Açıklama Kuralları rda
041 0# - DİL KODU
Metin ya da ses kaydının dil kodu tur
044 ## - YAYINLAYAN/ÜRETEN KURULUŞUN ÜLKE KODU
ISO country code tu
050 ## - SINIFLAMA ve YER NUMARASI
Sınıflama Numarası HF5655.T9
Yer Numarası O94 1982
100 1# - KİŞİ ADI
Yazar Adı (Kişi adı) Özgür, Feridun.
245 1# - ESER ADI BİLDİRİMİ
Başlık Muhasebe ilkeleri/
Sorumluluk Bildirimi Feridun Özgür ; Feridun Özgür.
264 #1 - ÜRERİM, YAYIN, DAĞITIM ve TELİF BİLDİRİMİ
Yayın yeri İstanbul :
Yayınlayan İstanbul Üniversitesi
Yayın tarihi 1982
300 ## - FİZİKSEL TANIMLAMA
Sayfa, Cilt vb. xv, 461 sayfa: tablo; 24 cm.
336 ## - İÇERİK TÜRÜ
Content type term metin
Content type code txt
Source rdacontent
337 ## - MEDYA TÜRÜ
Media type term aracısız
Media type code n
Source rdamedia
338 ## - TAŞIYICI TÜRÜ
Carrier type term cilt
Carrier type code nc
Source rdacarrier
490 1# - DİZİ BİLDİRİMİ
Dizi Bildirimi Rektörlük Yyaın No ;
Cilt Numarası 2762.
490 1# - DİZİ BİLDİRİMİ
Dizi Bildirimi Fakülte Yayın No ;
Cilt Numarası 112.
490 1# - DİZİ BİLDİRİMİ
Dizi Bildirimi İşletme İktisadı Enstitüsü Yayın No ;
Cilt Numarası 51.
500 ## - GENEL NOT
Genel Not Kaynakça var.
650 #0 - KONU BAŞLIĞI EK GİRİŞ - KONU TERİMİ
Konusal terim veya coğrafi ad Accounting.
9 (RLIN) 2913
830 1# - SERİ EK GİRİŞİ - TEKBİÇİM ESER ADI
Tekbiçim Başlık Rektörlük Yyaın No ;
Volume number/sequential designation 2762.
9 (RLIN) 34386
830 1# - SERİ EK GİRİŞİ - TEKBİÇİM ESER ADI
Tekbiçim Başlık Fakülte Yayın No ;
Volume number/sequential designation 112.
9 (RLIN) 25047
830 1# - SERİ EK GİRİŞİ - TEKBİÇİM ESER ADI
Tekbiçim Başlık İşletme İktisadı Enstitüsü Yayın No ;
Volume number/sequential designation 51.
9 (RLIN) 34387
942 ## - EK GİRİŞ ÖGELERİ (KOHA)
Source of classification or shelving scheme Library of Congress Classification
Koha item type Book
Holdings
Materyal Türü Kalıcı Konum Mevcut Konum Raf Yeri Sınıflandırma Kaynağı Edinim Bilgisi Ana Konular Alt Konular Yer Numarası Demirbaş Numarası Fatura Tarihi Geri Çekilme Durumu Kayıp Durumu Hasarlı Durumu Kredi için değil Kayıt Tarih Toplam Ödünçverme Son Görülme Tarihi Son Kontrol Tarihi Genel / Bağış Notu
Book Prof. Dr. Azmi Özcan Kütüphanesi Prof. Dr. Azmi Özcan Kütüphanesi Uluğbey Salonu Library of Congress Classification Bağış SOSYAL BİLİMLER Ticaret HF5655.T9 O94 1982 0014750 13/08/2010         08/03/2010 1 05/12/2024 05/12/2024 Genel Bağış